000 00501nam a2200205Ia 4500
008 151119s9999||||xx |||||||||||||| ||und||
082 _a820 Swa/Man
082 _bGKKV33411
100 _aSWAMI TEJOMAYANANDA
245 _aMANAH SODHANAM
260 _aMumbai
260 _bCentral Chinmaya Mission Trust
260 _c2000
300 _a55pp.
600 _aSWAMI TEJOMAYANANDA
630 _aMANAH SODHANAM
700 _aSWAMI TEJOMAYANANDA
730 _aMANAH SODHANAM
942 _cBOOK
999 _c1085707
_d1085704